000 01343nam a22002537a 4500
005 20080814155123.0
008 080814t xxu||||| |||| 00| 0 hin d
010 _aHIN-83934
020 _c200.00
_a8576512x
035 _aHN-56280
037 _bDBAD / PUB
040 _aDPL
_bHN
082 _a370.1
100 _aसंजय कुमार सिंह
245 _aप्राचीन भारतीय शिक्षा पद्धतिः
_cसंजय कुमार सिंह
_b(प्रारम्भ से लगभग छठीं शताब्दी तक) /
246 _aPrachin Bhartiya shiksha paddhati
_bby Sanjay Kumar Singh
260 _aइलाहाबाद
_bसचिव हिन्दुस्तानी एकेडेमी
_c2006
270 _a12 डी. कमला नेहरू रोड
_bइलाहाबाद
_e211001
300 _a335पृ.
_c22सेमी (अजिल्द)
650 _aशिक्षा
_zभारत
_xप्राचीन
650 _aEducation
_zIndia
_xAncient
942 _2ddc
_cHN
_h370.1
_mसंजय
999 _c14868
_d14868